| 000 | 00372nam a2200145Ia 4500 | ||
|---|---|---|---|
| 005 | 20251222153559.0 | ||
| 008 | 251222s9999||||xx |||||||||||||| ||spa|| | ||
| 020 | _a8425508304 | ||
| 082 | _a658.152/M27 | ||
| 100 | _aMasson, Joan | ||
| 245 | 0 | _aFinanzas para Profesionales de Marketing y Ventas | |
| 250 | _a1ra. ed. | ||
| 264 | _bEdiciones Deusto, S.A. | ||
| 942 | _cLIB | ||
| 999 |
_c31173 _d31173 |
||